000 00601nam a2200121Ia 4500
008 220615s9999||||xx |||||||||||||| ||und||
245 0 _aWorld of UCL
546 _aEnglish[eng]
650 _aresearch||university||education||ucl||Professor
700 _aBrewis, Georgina||North, John||Harte, Negley
856 _uhttps://library.oapen.org/bitstream/20.500.12657/29968/1/651073.pdf||https://library.oapen.org/bitstream/20.500.12657/29968/1/651073.pdf||https://library.oapen.org/bitstream/20.500.12657/29968/1/651073.pdf||https://library.oapen.org/bitstream/20.500.12657/29968/1/651073.pdf
942 _cEB
999 _c17828
_d17828